Datum a čas kvízu
36
Celkem bodů
Celkový počet nahraných bodů na tomto kvízu bez doplňovacích otázek.
2.
Pořadí na kvízu
Konečné umístění týmu na tomto kvízu.
Zaznamenané odpovědi
| # | Otázka | Odpověď | Body | Výsledky |
|---|---|---|---|---|
| 1. | Poblíž které jihočeské obce by... | Lety | 1 | |
| 2. | V noci ze středy na čtvrtek do... | Moulin Rouge | 1 | |
| 3. | Pravděpodobnou podobu významné... | sv. Vojtěch (Adalbert) | 1 | |
| 4. | Mobilní síť jednoho českého op... | Vodafone | 0 | |
| 5. | Olympijskému vítězi ve skocích... | na Islandu | 1 | |
| 6. | Sugo all'amatriciana patří mez... | guanciale; pecorino | 1 | |
| 7. | Napište zakrytou značku zobraz... | Kikkoman | 0 | |
| 8. | Když se řekne omáčka, určitě s... | 15 | 1 | |
| 9. | Město Worcester dalo jméno jed... | C; ločidlo | 0 | |
| 10. | Jak se označuje tato jednoduch... | velouté | 1 |